000 01358nam a22003617a 4500
003 CHAP
005 20220329141013.0
008 971013s1996 r 00010 d
010 _a61151
011 _a62123
035 _a66297
040 _cCHAP
090 _aTesis
100 0 0 _aSánchez Espíndola, María del Rosario.
_9107500
245 _aEstratégias de desarrollo para la empacadora de carnes frías de la Sociedad de Producción Rural de Responsabilidad Limitada La Michoacana, en Santa Ana Maya Michoacán
260 _aChapingo, Méx. El autor,
_c1996
300 _a144 h.
_b: ilus. ; gráfs. ; anexos
502 _aTesis (Ing. Agroindustrial) -- UACH. Departamento de Ingeniería Agroindustrial
590 _aALEPH
_b10
_c20130110
_lUCH01
_h1340
590 _aBATCH-UPD
_b10
_c20130110
_lUCH01
_h0201
590 _aBATCH-UPD
_b10
_c20130110
_lUCH01
_h0831
590 _aBATCH-UPD
_b10
_c20130409
_lUCH01
_h2210
590 _aBATCH-UPD
_b10
_c20130914
_lUCH01
_h0850
590 _aCONVERSION
_b10
_c20130109
_lUCH01
_h1333
650 1 4 _aCarne de puerco en canal.
_919188
650 1 4 _aEmbutidos.
_936500
650 1 4 _aEmpacadoras.
_936537
700 0 _aVillafaña Robles, Eduardo.
_9119390
901 _aBK
942 _cFOLL
949 _bBC
_cTES
_d-151471
_eTS1
_h29374
_i66297
_si
949 _bBC
_cTES
_d33724000621454
_eTS2
_fc.2
_h29373
_i66297
_si
999 _c61151
_d61151